000 00671nam a2200289Ia 4500
005 20260324133406.0
008 008 260324s9999 xx 000 0 eng d
020 _a9781315194257
037 _aEBOOK
040 _aCRL
040 _beng
040 _cCRL
041 _2eng
041 _aeng
084 _qCRL
100 _aPhilip Whyman
_91192922
245 0 _aSweden and the 'Third Way'
245 2 _bA Macroeconomic Evaluation
260 _bTaylor and Francis
260 _c2003
365 _a
365 _b160
856 _uhttp://www.taylorfrancis.com/books/9781315194257
942 _cEBOOK
999 _c1791902
_d1791902